[Event "Team Russia"]
[Site "Petergof"]
[Date "2015.08.05"]
[Round "5.44"]
[White "Obolentseva, Alexandra"]
[Black "Shnayder, Violetta"]
[Result "1/2-1/2"]
[WhiteElo "2113"]
[BlackElo "1932"]
[PlyCount "89"]
[EventDate "2015.08.??"]
[EventType "team-swiss"]

1. d4 Nf6 2. c4 g6 3. Nc3 Bg7 4. e4 d6 5. Be2 Nbd7 6. Nf3 O-O 7. O-O c6 8. Qc2
e5 9. Be3 Qc7 10. Rad1 h6 11. h3 Kh7 12. b4 exd4 13. Nxd4 Re8 14. Bf4 Ne5 15.
Bh2 a5 16. b5 Ng8 17. Kh1 a4 18. Nxa4 Qa5 19. Nc3 Qb4 20. Rb1 Qc5 21. Nb3 Qa7
22. Bg1 Qa3 23. f4 Nd7 24. Bd3 Nc5 25. Bxc5 dxc5 26. e5 Ne7 27. Ne4 Nf5 28.
Rfe1 cxb5 29. cxb5 b6 30. g4 Nh4 31. Nd6 Rd8 32. Be4 Ra4 33. Nc4 Rxc4 34. Qxc4
Be6 35. Qc1 Qxa2 36. Qb2 Qa4 37. Nd2 Bd5 38. Ra1 Bxe4+ 39. Nxe4 Qc4 40. Qe2 Qb3
41. Rf1 Rd3 42. Rf2 Re3 43. Qd1 Qxd1+ 44. Rxd1 Rxe4 45. Rd7 1/2-1/2

[Event "Team Russia"]
[Site "Petergof"]
[Date "2015.08.05"]
[Round "5.45"]
[White "Shuster, Andrei"]
[Black "Bondarenko, Ivan"]
[Result "0-1"]
[WhiteElo "2075"]
[BlackElo "2062"]
[PlyCount "104"]
[EventDate "2015.08.??"]
[EventType "team-swiss"]

1. e4 e6 2. d4 d5 3. Nd2 Nf6 4. e5 Nfd7 5. Bd3 c5 6. c3 Nc6 7. Ne2 cxd4 8. cxd4
Nb6 9. O-O a5 10. Nf3 Be7 11. Bd2 Bd7 12. Rc1 Nb4 13. Bxb4 axb4 14. Bb1 Nc4 15.
b3 Na3 16. Bd3 Bb5 17. Bxb5+ Nxb5 18. Qd3 Qb6 19. Rc2 Kd7 20. Qe3 h6 21. Qf4
Raf8 22. Rfc1 g5 23. Qe3 g4 24. Nd2 Bg5 25. Qd3 Rc8 26. Rxc8 Rxc8 27. Rxc8 Kxc8
28. Nf1 Kb8 29. Ne3 h5 30. Qd2 Qa5 31. a4 Nc3 32. Qc2 b5 33. axb5 Qa1+ 34. Nf1
Nxe2+ 35. Qxe2 Qxd4 36. Qc2 Qxe5 37. Qc5 Qc7 38. Qxb4 Be7 39. Qd4 f6 40. g3 Qc5
41. Qd3 f5 42. Qe2 Qd6 43. Ne3 h4 44. b6 Kb7 45. gxh4 Bxh4 46. Ng2 Bd8 47. Qb2
Bxb6 48. Qg7+ Bc7 49. Qh8 d4 50. Kf1 d3 51. Ke1 Qc6 52. Ne3 Ba5+ 0-1

[Event "Team Russia"]
[Site "Petergof"]
[Date "2015.08.05"]
[Round "5.46"]
[White "Golikov, Daniil"]
[Black "Shugalei, Mikhail"]
[Result "1-0"]
[WhiteElo "1995"]
[BlackElo "1692"]
[PlyCount "55"]
[EventDate "2015.08.??"]
[EventType "team-swiss"]

1. d4 d5 2. c4 e6 3. Nc3 Nf6 4. cxd5 Nxd5 5. e4 Nf6 6. Nf3 Bb4 7. Bd3 c5 8. O-O
cxd4 9. Nxd4 O-O 10. Nf3 Nc6 11. e5 Nd7 12. Bf4 Bxc3 13. bxc3 Qa5 14. Bxh7+
Kxh7 15. Ng5+ Kg6 16. Qg4 Ncxe5 17. Qg3 Kf5 18. Nh7 f6 19. Nxf8 Nxf8 20. Rfe1
Nfg6 21. Qh3+ Kxf4 22. g3+ Kg5 23. f4+ Nxf4 24. gxf4+ Kxf4 25. Qg3+ Kf5 26.
Rxe5+ Qxe5 27. Rf1+ Ke4 28. Qf3# 1-0

[Event "Team Russia"]
[Site "Petergof"]
[Date "2015.08.05"]
[Round "5.48"]
[White "Pankova, Julia"]
[Black "Zavgorodniaya, Alena"]
[Result "1/2-1/2"]
[WhiteElo "1681"]
[BlackElo "1988"]
[PlyCount "127"]
[EventDate "2015.08.??"]
[EventType "team-swiss"]

1. e4 e5 2. Nf3 Nc6 3. Bb5 a6 4. Ba4 Nf6 5. O-O Be7 6. Re1 b5 7. Bb3 d6 8. a4
Bg4 9. c3 O-O 10. h3 Bxf3 11. Qxf3 Na5 12. Bc2 b4 13. d4 c5 14. dxe5 dxe5 15.
Qg3 Nd7 16. Rd1 Qc7 17. Nd2 Rfe8 18. Nf1 b3 19. Bd3 c4 20. Be2 Nc5 21. Qg4 Qc6
22. Ne3 Rad8 23. Nd5 Bf8 24. h4 Nd7 25. h5 Nb6 26. Ne3 Rxd1+ 27. Bxd1 Qe6 28.
Nf5 Kh8 29. Qh4 f6 30. g4 Nb7 31. Be3 Nc8 32. Be2 Ncd6 33. f3 Nf7 34. Kh2 Nc5
35. Kg2 Rd8 36. Kg3 Nd3 37. Rb1 Kg8 38. Kh2 Kh8 39. Kg3 Qc6 40. a5 Qa4 41. Bb6
Rd7 42. Qh1 Nf4 43. Qe1 Qc6 44. Be3 Ng5 45. Rd1 Nxe2+ 46. Qxe2 g6 47. hxg6 hxg6
48. Rh1+ Rh7 49. Rxh7+ Nxh7 50. Nh4 Kg7 51. Qd2 Be7 52. Bh6+ Kf7 53. Be3 Nf8
54. Bb6 Kg7 55. Ng2 Nd7 56. Bf2 Bd8 57. Ne3 Bxa5 58. Nd5 Nf8 59. Be3 Ne6 60.
Qh2 g5 61. Ne7 Qe8 62. Nf5+ Kg8 63. Qh6 Bd8 64. Nd6 1/2-1/2

[Event "Team Russia"]
[Site "Petergof"]
[Date "2015.08.05"]
[Round "5.49"]
[White "Sinyanskiy, Maxim"]
[Black "Malyshev, Grigory"]
[Result "0-1"]
[WhiteElo "2102"]
[BlackElo "2259"]
[PlyCount "89"]
[EventDate "2015.08.??"]
[EventType "team-swiss"]

1. e4 c5 2. Nf3 d6 3. d4 cxd4 4. Nxd4 Nf6 5. Nc3 a6 6. Be3 e5 7. Nb3 Be6 8. Qd2
Be7 9. f3 O-O 10. O-O-O Nbd7 11. g4 b5 12. g5 b4 13. Nd5 Nxd5 14. exd5 Bf5 15.
Kb1 Qc7 16. Bd3 Bxd3 17. Qxd3 a5 18. Nd2 Rfc8 19. Rhg1 Qb7 20. Rg4 Rc7 21. Nc4
Qa6 22. b3 a4 23. Rd2 Qc8 24. Rdg2 Ra6 25. h4 Nc5 26. Bxc5 Rxc5 27. f4 axb3 28.
cxb3 e4 29. Qxe4 f5 30. gxf6 Bxf6 31. Rc2 h6 32. f5 Kh7 33. Re2 Qa8 34. Rd2 Rc7
35. Qe2 Qc8 36. Qe6 Qf8 37. Qe2 Bc3 38. Qd3 Bxd2 39. f6+ Kh8 40. Nxd2 Ra8 41.
fxg7+ Rxg7 42. Rxb4 Rc8 43. Qd4 Qf5+ 44. Qe4 Qf2 45. a4 0-1

[Event "Team Russia"]
[Site "Petergof"]
[Date "2015.08.05"]
[Round "5.51"]
[White "Reshetnikov, Ruslan"]
[Black "Bogdanov, Stanislav"]
[Result "1-0"]
[WhiteElo "2149"]
[BlackElo "1846"]
[PlyCount "65"]
[EventDate "2015.08.??"]
[EventType "team-swiss"]

1. Nf3 d5 2. g3 Bf5 3. Bg2 e6 4. O-O Nf6 5. d3 Be7 6. Nbd2 O-O 7. Qe1 c6 8. e4
Bg4 9. h3 Bh5 10. b3 Qc7 11. Bb2 Nfd7 12. Nh2 Bd6 13. f4 f6 14. c4 dxc4 15.
Nxc4 e5 16. d4 exf4 17. Nxd6 Qxd6 18. gxf4 Re8 19. Qf2 Nb6 20. f5 N8d7 21. Rae1
c5 22. Qh4 Bf7 23. e5 fxe5 24. dxe5 Qd2 25. Bc1 Qxa2 26. e6 Qxb3 27. exf7+ Qxf7
28. Ng4 Nd5 29. Re6 N7b6 30. Rfe1 Rad8 31. Nh6+ gxh6 32. Qg3+ Kf8 33. Bxh6+ 1-0

[Event "Team Russia"]
[Site "Petergof"]
[Date "2015.08.05"]
[Round "5.52"]
[White "Tikhonova, Dariya"]
[Black "Zajtzeva, Viktoria"]
[Result "1-0"]
[WhiteElo "1753"]
[BlackElo "1944"]
[PlyCount "111"]
[EventDate "2015.08.??"]
[EventType "team-swiss"]

1. b3 Nf6 2. Bb2 g6 3. Bxf6 exf6 4. c4 Bg7 5. Nc3 O-O 6. g3 d6 7. Bg2 Nd7 8.
Nh3 f5 9. O-O Rb8 10. Nf4 Nf6 11. Rc1 c6 12. d4 Re8 13. Qc2 g5 14. Nh3 Ne4 15.
e3 Qe7 16. Kh1 Bd7 17. Ng1 c5 18. Nd5 Qd8 19. Ne2 Bc6 20. g4 Bxd5 21. cxd5 cxd4
22. gxf5 Nc3 23. Rce1 Rc8 24. Nxd4 Bxd4 25. exd4 Ne4 26. Qb2 Nf6 27. Qd2 h6 28.
h4 Rxe1 29. Rxe1 Nh5 30. hxg5 hxg5 31. Qe2 Nf4 32. Qe7 Qxe7 33. Rxe7 Rc1+ 34.
Kh2 Rc2 35. Kg3 Nxg2 36. Kxg2 Rxa2 37. Rxb7 Rd2 38. Rb4 Rd3 39. f3 a5 40. Ra4
Rxb3 41. Rxa5 Rb4 42. Ra6 Rxd4 43. Rxd6 Kg7 44. Kf2 g4 45. fxg4 Rxg4 46. Kf3
Rd4 47. Ke3 Rd1 48. Ke4 Re1+ 49. Kd4 Rd1+ 50. Kc5 Rc1+ 51. Kb6 Rc2 52. Rc6 Rd2
53. d6 Kf6 54. Kc7 Rd1 55. d7+ Ke7 56. f6+ 1-0

[Event "Team Russia"]
[Site "Petergof"]
[Date "2015.08.05"]
[Round "5.53"]
[White "Zaozerskih, Sergey"]
[Black "Shnajder, Mark"]
[Result "0-1"]
[WhiteElo "1902"]
[BlackElo "2027"]
[PlyCount "63"]
[EventDate "2015.08.??"]
[EventType "team-swiss"]

1. e4 c5 2. Nf3 e6 3. d4 cxd4 4. Nxd4 Nc6 5. Nc3 Qc7 6. Be2 Nf6 7. O-O a6 8. a3
Be7 9. Be3 O-O 10. Kh1 d6 11. f4 Nxd4 12. Bxd4 e5 13. Be3 exf4 14. Rxf4 Be6 15.
Nd5 Bxd5 16. exd5 Nd7 17. Bd4 Ne5 18. Bxe5 dxe5 19. Rf1 f5 20. c4 a5 21. b3
Rad8 22. Qb1 e4 23. b4 axb4 24. axb4 Qe5 25. Ra3 Bd6 26. Rh3 b6 27. Rc1 Qe7 28.
Qb3 Bxb4 29. Rb1 Bc5 30. Qg3 Ra8 31. Qh4 Qxh4 32. Rxh4 0-1

[Event "Team Russia"]
[Site "Petergof"]
[Date "2015.08.05"]
[Round "5.54"]
[White "Kolbyshev, Sergei"]
[Black "Bregman, Ilya"]
[Result "1-0"]
[WhiteElo "2154"]
[BlackElo "1695"]
[PlyCount "99"]
[EventDate "2015.08.??"]
[EventType "team-swiss"]

1. d4 d5 2. Nf3 c6 3. c4 e6 4. Nc3 dxc4 5. a4 Bb4 6. Bg5 Qa5 7. Bd2 Qc7 8. g3
Nf6 9. Bg2 Bxc3 10. Bxc3 Nd5 11. O-O b5 12. e4 Nxc3 13. bxc3 Bb7 14. Rb1 a6 15.
e5 Nd7 16. Ng5 O-O 17. Qc2 g6 18. Ne4 Kg7 19. Nd6 Rab8 20. Qe4 Ba8 21. Qh4 Qd8
22. Qf4 Nb6 23. a5 Nd5 24. Bxd5 cxd5 25. h4 f5 26. Kg2 h5 27. Kh3 Qxa5 28. Ra1
Qxc3 29. Rxa6 Qd3 30. Re1 c3 31. Ra7+ Bb7 32. Nxb7 Rf7 33. Nc5 Qc2 34. Nxe6+
Kg8 35. Rxf7 Kxf7 36. Ng5+ Ke7 37. e6 Rc8 38. Nf3 Qxf2 39. Qg5+ Kd6 40. Qf4+
Ke7 41. Ra1 c2 42. Qg5+ Kf8 43. Qf6+ Kg8 44. Qxg6+ Kh8 45. Qxh5+ Kg8 46. Qf7+
Kh8 47. Ng5 Qxg3+ 48. Kxg3 Rc3+ 49. Kg2 Rc7 50. Qf8# 1-0

[Event "Team Russia"]
[Site "Petergof"]
[Date "2015.08.05"]
[Round "5.55"]
[White "Plaksin, Daniil"]
[Black "Kolmagorov, Alexey"]
[Result "0-1"]
[WhiteElo "1627"]
[BlackElo "1992"]
[PlyCount "62"]
[EventDate "2015.08.??"]
[EventType "team-swiss"]

1. e4 c5 2. Nf3 Nc6 3. d4 cxd4 4. Nxd4 g6 5. Nc3 Bg7 6. Be3 Nf6 7. f3 O-O 8.
Qd2 d5 9. exd5 Nxd5 10. Nxc6 bxc6 11. Nxd5 cxd5 12. c3 e5 13. Rd1 Bb7 14. c4 d4
15. Bg5 Qb6 16. Be7 Rfe8 17. c5 Qe6 18. Bd6 e4 19. fxe4 Qxe4+ 20. Kf2 Qe3+ 21.
Qxe3 dxe3+ 22. Ke1 e2 23. Bxe2 Ba6 24. Kf2 Rxe2+ 25. Kg3 Rae8 26. Bf4 Bb7 27.
Rhg1 Rxb2 28. a4 Be5 29. Bxe5 Rxe5 30. h4 Rxc5 31. Rd3 Rcc2 0-1

[Event "Team Russia"]
[Site "Petergof"]
[Date "2015.08.05"]
[Round "5.56"]
[White "Miroshnik, Ekaterina"]
[Black "Parsegyan, Kseniya"]
[Result "1-0"]
[WhiteElo "1786"]
[BlackElo "1549"]
[PlyCount "55"]
[EventDate "2015.08.??"]
[EventType "team-swiss"]

1. d4 Nf6 2. Nf3 g6 3. c4 Bg7 4. Nc3 d6 5. e4 O-O 6. h3 e5 7. d5 Nbd7 8. Be2
Nc5 9. Qc2 a5 10. g4 a4 11. Be3 Nfd7 12. g5 f5 13. gxf6 Bxf6 14. O-O-O Bg7 15.
Rdg1 Kh8 16. h4 b6 17. h5 gxh5 18. Rxh5 Rf7 19. Ng5 Rf8 20. Nxh7 Kg8 21. Nxf8
Nxf8 22. Rhg5 Qe7 23. Rxg7+ Qxg7 24. Rxg7+ Kxg7 25. f4 Ng6 26. fxe5 dxe5 27.
Bxc5 bxc5 28. Nxa4 1-0

[Event "Team Russia"]
[Site "Petergof"]
[Date "2015.08.06"]
[Round "6.1"]
[White "Zenzera, Alexey"]
[Black "Oparin, Grigoriy"]
[Result "1/2-1/2"]
[WhiteElo "2446"]
[BlackElo "2564"]
[PlyCount "45"]
[EventDate "2015.08.??"]
[EventType "team-swiss"]
[WhiteClock "0:39:55"]
[BlackClock "0:30:48"]

1. d4 Nf6 2. c4 e6 3. Nf3 b6 4. e3 Bb7 5. Bd3 d5 6. O-O Bd6 7. Nbd2 O-O 8. Qc2
Nbd7 9. e4 dxe4 10. Nxe4 Nxe4 11. Bxe4 Bxe4 12. Qxe4 c5 13. Rd1 Nf6 14. Qe2 Qc7
15. Bg5 Be7 16. d5 exd5 17. cxd5 Rad8 18. Qc4 h6 19. Bh4 Ne8 20. Bg3 Bd6 21.
Bh4 Be7 22. Bg3 Bd6 23. Bh4 1/2-1/2

[Event "Team Russia"]
[Site "Petergof"]
[Date "2015.08.06"]
[Round "6.2"]
[White "Zakhartsov, Vladimir"]
[Black "Timerkhanov, Alexander"]
[Result "1/2-1/2"]
[WhiteElo "2453"]
[BlackElo "2302"]
[PlyCount "143"]
[EventDate "2015.08.??"]
[EventType "team-swiss"]
[WhiteClock "0:10:45"]
[BlackClock "0:11:10"]

1. e4 c5 2. Nf3 d6 3. d4 cxd4 4. Nxd4 Nf6 5. Nc3 a6 6. Bg5 Nbd7 7. Bc4 e6 8.
Bb3 Nc5 9. Qe2 Be7 10. f4 h6 11. Bxf6 Bxf6 12. O-O-O Qc7 13. Kb1 Bd7 14. Rhe1
O-O-O 15. e5 dxe5 16. fxe5 Be7 17. Qf3 Rhf8 18. Qg3 g6 19. Ne4 Nxe4 20. Rxe4
Bc6 21. Ree1 Kb8 22. Nxc6+ Qxc6 23. a3 h5 24. Ka2 a5 25. a4 h4 26. Qg4 Qc5 27.
Qe4 Qb4 28. Qf3 Qc5 29. Qf4 g5 30. Qe4 Qb4 31. Qe2 Qc5 32. Qe4 Qb4 33. Qe2 Qc5
34. Rd3 Rxd3 35. Qxd3 Rd8 36. Qf3 b5 37. axb5 Rd4 38. Qxf7 a4 39. Bxe6 a3 40.
Qe8+ Rd8 41. Qc6 Qb4 42. Qc3 axb2 43. Qxb4 Bxb4 44. Re3 Bd2 45. Rb3 Bc1 46. c4
Re8 47. Bd5 Rxe5 48. Rb4 Re3 49. Ra4 Ra3+ 50. Rxa3 b1=Q+ 51. Kxb1 Bxa3 52. b6
Bc5 53. b7 Bd6 54. h3 Bg3 55. Kc2 Bf4 56. Kd3 Kc7 57. Ke4 Bc1 58. Kf5 Bd2 59.
Bf3 Bc1 60. c5 Bd2 61. Ke5 Bf4+ 62. Kd4 Bh2 63. Kc4 Bg1 64. Kb5 Bf2 65. c6 Bg1
66. Kc4 Be3 67. Kd5 Bf4 68. Ke6 Bg3 69. Kf5 Bf4 70. g3 Bxg3 71. Kxg5 Be1 72.
Kg4 1/2-1/2

[Event "Team Russia"]
[Site "Petergof"]
[Date "2015.08.06"]
[Round "6.3"]
[White "Askerov, Marat"]
[Black "Vavulin, Maksim"]
[Result "1-0"]
[WhiteElo "2194"]
[BlackElo "2435"]
[PlyCount "83"]
[EventDate "2015.08.??"]
[EventType "team-swiss"]
[WhiteClock "0:00:46"]
[BlackClock "0:00:50"]

1. d4 g6 2. c4 Bg7 3. Nf3 c5 4. d5 d6 5. g3 f5 6. Bg2 Nf6 7. O-O O-O 8. Nc3 Na6
9. e4 fxe4 10. Ng5 Nc7 11. a4 Bf5 12. Ngxe4 Nxe4 13. Nxe4 Rb8 14. Qe2 a6 15. a5
b5 16. axb6 Rxb6 17. Re1 Qd7 18. Ra2 Rfb8 19. Nc3 Bf6 20. h4 Rb4 21. Bf3 h5 22.
Kh2 Rb3 23. Bg5 Be5 24. Be4 Bxe4 25. Qxe4 Qf5 26. Re2 Re8 27. f4 Bxc3 28. bxc3
Kf7 29. Qf3 Qg4 30. Qd3 Qf5 31. Qf3 Rb1 32. Re4 e6 33. Rae2 Rbb8 34. Qf1 a5 35.
Qd1 a4 36. Qxa4 Kg8 37. Qd7 Qf7 38. Qxd6 Rec8 39. dxe6 Qe8 40. e7 Ra8 41. Qxc5
Ra1 42. Rd4 1-0

[Event "Team Russia"]
[Site "Petergof"]
[Date "2015.08.06"]
[Round "6.4"]
[White "Kisteneva, Liza"]
[Black "Styazhkina, Anna"]
[Result "1/2-1/2"]
[WhiteElo "2069"]
[BlackElo "2262"]
[PlyCount "222"]
[EventDate "2015.08.??"]
[EventType "team-swiss"]
[WhiteClock "0:04:54"]
[BlackClock "0:05:12"]

1. e4 e5 2. Nf3 Nc6 3. Bb5 a6 4. Ba4 Nf6 5. O-O Bc5 6. c3 b5 7. Bb3 d6 8. d4
Bb6 9. Be3 O-O 10. Nbd2 Bg4 11. dxe5 dxe5 12. Bxb6 cxb6 13. h3 Bh5 14. Qe2 b4
15. cxb4 Nxb4 16. g4 Bg6 17. Nxe5 Qd4 18. Nxg6 hxg6 19. Nf3 Qxe4 20. Qxe4 Nxe4
21. a3 Nd3 22. Bc2 Rad8 23. Rad1 Nexf2 24. Rxf2 Nxf2 25. Kxf2 Rxd1 26. Bxd1 Re8
27. Bb3 Kf8 28. Bd5 Rd8 29. Bb7 a5 30. Ke2 f6 31. a4 Ke7 32. Be4 g5 33. Ke3 Rd1
34. Nd4 Kd6 35. Bc2 Rh1 36. Nf5+ Ke5 37. Nxg7 Rxh3+ 38. Kd2 Rg3 39. Bf5 Kd4 40.
Kc2 Kc4 41. Be6+ Kb4 42. b3 Kc5 43. Kd2 Rg1 44. Nh5 Kd4 45. Ke2 Rg2+ 46. Kf3
Rc2 47. Bc4 Rc3+ 48. Kf2 Rc2+ 49. Kf3 Rc3+ 50. Kf2 Ke5 51. Ng3 Rc2+ 52. Kf3 Rd2
53. Ne2 Rd1 54. Kf2 f5 55. gxf5 Kxf5 56. Ng3+ Ke5 57. Ne2 Rh1 58. Kg3 Rh4 59.
Ng1 Re4 60. Nf3+ Kf6 61. Nh2 Re3+ 62. Kg4 Re1 63. Nf3 Re4+ 64. Kg3 g4 65. Nd2
Rd4 66. Nf1 Kg5 67. Ne3 Rf4 68. Bd5 Rd4 69. Bc4 Re4 70. Ng2 Re8 71. Bb5 Re7 72.
Bc4 Re8 73. Bb5 Rf8 74. Ne1 Rh8 75. Bf1 Rh1 76. Kf2 Rh2+ 77. Kg3 Rb2 78. Bc4
Rb1 79. Nd3 Rg1+ 80. Kf2 Rh1 81. Kg2 Rh3 82. Nf2 Re3 83. Nd3 Kh4 84. Nc1 Rg3+
85. Kf2 Kh3 86. Bd5 Kh2 87. Be6 Rc3 88. Ne2 g3+ 89. Nxg3 Rxg3 90. Bd5 Kh3 91.
Be6+ Kh4 92. Ke2 Kg5 93. Kd2 Kf4 94. Kc2 Ke4 95. Kb2 Kd4 96. Ka3 Kc3 97. Bf5
Kd2 98. Kb2 Rg2 99. Be4 Rf2 100. Bc2 Ke3 101. Kc3 Rf6 102. Bh7 Rc6+ 103. Kb2
Kd4 104. Bg8 Rg6 105. Bh7 Rg2+ 106. Ka3 Kc3 107. Bf5 Rb2 108. Be6 Kc2 109. Bf5+
Kc1 110. Bg6 Rg2 111. Bf5 Rf2 1/2-1/2

[Event "Team Russia"]
[Site "Petergof"]
[Date "2015.08.06"]
[Round "6.5"]
[White "Triapishko, Olexandr"]
[Black "Alekseenko, Kirill"]
[Result "1-0"]
[WhiteElo "2459"]
[BlackElo "2540"]
[PlyCount "111"]
[EventDate "2015.08.??"]
[EventType "team-swiss"]
[WhiteClock "0:04:12"]
[BlackClock "0:01:38"]

1. e4 c6 2. d4 d5 3. e5 Bf5 4. h4 h5 5. Bd3 Bxd3 6. Qxd3 e6 7. Bg5 Be7 8. Nf3
Nh6 9. Nbd2 Nf5 10. c4 Na6 11. Bxe7 Qxe7 12. c5 Nb8 13. g3 b6 14. Rc1 O-O 15.
O-O Rc8 16. b4 Qb7 17. Rb1 Qa6 18. Qc3 Nd7 19. Rb3 Rab8 20. Ra3 Qb7 21. Rb1 Qc7
22. Qd3 Rb7 23. Rab3 Ra8 24. Nf1 a5 25. a3 axb4 26. axb4 Nf8 27. Ne3 g6 28. g4
hxg4 29. Nxg4 Nd7 30. Qd2 bxc5 31. bxc5 Rxb3 32. Rxb3 Rb8 33. Ra3 Qb7 34. h5
Qb1+ 35. Kh2 Qf1 36. Qg5 Kg7 37. h6+ Kh8 38. Rb3 Ra8 39. Rb7 f6 40. Qxg6 Rg8
41. Qxg8+ Kxg8 42. Rxd7 Nxh6 43. Nxh6+ Kf8 44. Rf7+ Ke8 45. Rxf6 Qxf2+ 46. Kh3
Kd7 47. Kg4 Qe2 48. Kh5 Qe4 49. Nf7 Qh7+ 50. Kg4 Qe4+ 51. Rf4 Qc2 52. N7g5 Qg2+
53. Kh5 Qh1+ 54. Kg6 Qb1+ 55. Kg7 Ke7 56. Rf6 1-0

[Event "Team Russia"]
[Site "Petergof"]
[Date "2015.08.06"]
[Round "6.6"]
[White "Lobanov, Sergei"]
[Black "Isayev, Maksym"]
[Result "1-0"]
[WhiteElo "2377"]
[BlackElo "2121"]
[PlyCount "69"]
[EventDate "2015.08.??"]
[EventType "team-swiss"]
[WhiteClock "1:21:53"]
[BlackClock "0:40:09"]

1. e4 c5 2. Nf3 d6 3. d4 cxd4 4. Nxd4 Nf6 5. Nc3 Nc6 6. Bg5 e6 7. Qd2 a6 8.
O-O-O Bd7 9. f4 b5 10. Qe1 Qb6 11. Nxc6 Bxc6 12. Nd5 Bxd5 13. exd5 Kd7 14.
dxe6+ fxe6 15. g3 Re8 16. Bh3 Rg8 17. Qe2 Qc5 18. Rhe1 Qc4 19. Qxc4 bxc4 20.
Rxe6 Rxe6 21. Re1 Kd8 22. Bxe6 Rh8 23. Bxc4 a5 24. f5 Be7 25. Bd2 a4 26. Bb5
Nd7 27. Ba5+ Ke8 28. Bxa4 Rf8 29. g4 g6 30. Bc7 Rf6 31. g5 Rxf5 32. Bxd6 Rf7
33. Rxe7+ Rxe7 34. Bxe7 Kxe7 35. Bxd7 1-0

[Event "Team Russia"]
[Site "Petergof"]
[Date "2015.08.06"]
[Round "6.7"]
[White "Shemyakin, Valeriy"]
[Black "Pershin, Denis"]
[Result "0-1"]
[WhiteElo "2091"]
[BlackElo "2278"]
[PlyCount "78"]
[EventDate "2015.08.??"]
[EventType "team-swiss"]
[WhiteClock "0:35:30"]
[BlackClock "0:34:18"]

1. d4 Nf6 2. c4 e6 3. g3 d5 4. Bg2 Be7 5. Qc2 O-O 6. Nf3 a6 7. Ne5 c5 8. cxd5
cxd4 9. O-O Nxd5 10. Rd1 Bd6 11. Nc4 Bc5 12. Nbd2 Ba7 13. Nb3 Nc6 14. e3 b5 15.
Na3 Ncb4 16. Qe2 dxe3 17. Bxe3 Bxe3 18. fxe3 Qb6 19. Nd4 Bb7 20. Nac2 Nxc2 21.
Nxc2 Rac8 22. Nd4 g6 23. Rac1 Rxc1 24. Rxc1 e5 25. Bxd5 Bxd5 26. Nb3 Bc4 27.
Qf2 Rd8 28. Nd2 Bxa2 29. b3 Rd3 30. Rc2 Bxb3 31. Nxb3 Rxb3 32. Kg2 Qxe3 33.
Qxe3 Rxe3 34. Ra2 b4 35. Rxa6 b3 36. Rb6 f5 37. Kf2 f4 38. gxf4 exf4 39. Rb4 g5
0-1

[Event "Team Russia"]
[Site "Petergof"]
[Date "2015.08.06"]
[Round "6.8"]
[White "Kiseleva, Arina"]
[Black "Potapova, Margarita"]
[Result "0-1"]
[WhiteElo "2038"]
[BlackElo "2069"]
[PlyCount "98"]
[EventDate "2015.08.??"]
[EventType "team-swiss"]
[WhiteClock "0:09:09"]
[BlackClock "0:09:49"]

1. d4 Nf6 2. Nf3 c5 3. c4 g6 4. Nc3 cxd4 5. Nxd4 Bg7 6. e4 d6 7. Be2 O-O 8. O-O
Nc6 9. Be3 Nxd4 10. Bxd4 Bd7 11. f3 a5 12. Qd2 Bc6 13. Rfd1 Nd7 14. Be3 Nc5 15.
Nb5 a4 16. Nd4 Qa5 17. Qxa5 Rxa5 18. Rab1 f5 19. exf5 gxf5 20. g3 Bd7 21. f4
Ne4 22. Bf3 Rc8 23. Rbc1 h6 24. g4 e6 25. Rc2 d5 26. gxf5 exf5 27. Rdc1 Rd8 28.
Be2 Kh7 29. Nf3 Rg8 30. Kf1 Be6 31. Nd4 Bxd4 32. Bxd4 dxc4 33. Be3 b5 34. Rd1
Raa8 35. Bf3 Rad8 36. Rxd8 Rxd8 37. Bxe4 fxe4 38. a3 Bh3+ 39. Ke1 Rd3 40. Kf2
Kg6 41. Rd2 Rb3 42. Rd6+ Kf7 43. Bd4 Rf3+ 44. Ke1 h5 45. Be5 Bf1 46. Rb6 Bd3
47. Rf6+ Ke7 48. Rg6 e3 49. Rg1 e2 0-1

[Event "Team Russia"]
[Site "Petergof"]
[Date "2015.08.06"]
[Round "6.9"]
[White "Drygalov, Andrey"]
[Black "Kukhmazov, Arsen"]
[Result "1-0"]
[WhiteElo "2309"]
[BlackElo "2426"]
[PlyCount "63"]
[EventDate "2015.08.??"]
[EventType "team-swiss"]
[WhiteClock "0:14:56"]
[BlackClock "0:04:03"]

1. d4 Nf6 2. Nf3 e6 3. c4 Bb4+ 4. Bd2 c5 5. Bxb4 cxb4 6. g3 O-O 7. Bg2 d6 8.
O-O a5 9. a3 Na6 10. axb4 Nxb4 11. Nc3 b6 12. Ne1 d5 13. Nc2 Ba6 14. cxd5 Nbxd5
15. Nxd5 exd5 16. Re1 Qd6 17. f3 Rac8 18. e4 dxe4 19. fxe4 Qc7 20. Ne3 Bb7 21.
e5 Ne8 22. Rc1 Qd7 23. Rxc8 Qxc8 24. d5 Nc7 25. Qd4 Qd7 26. Qxb6 Ba8 27. Qxa5
Bb7 28. Rc1 Nb5 29. Qb6 Rc8 30. Rxc8+ Bxc8 31. d6 h6 32. Bc6 1-0

[Event "Team Russia"]
[Site "Petergof"]
[Date "2015.08.06"]
[Round "6.10"]
[White "Afanasiev, Nikita"]
[Black "Drygalov, Sergey"]
[Result "1/2-1/2"]
[WhiteElo "2281"]
[BlackElo "2362"]
[PlyCount "83"]
[EventDate "2015.08.??"]
[EventType "team-swiss"]
[WhiteClock "0:18:08"]
[BlackClock "0:02:20"]

1. c4 e5 2. g3 Nf6 3. Bg2 Nc6 4. Nc3 Bc5 5. Nf3 d6 6. O-O a5 7. e3 O-O 8. d4
Ba7 9. h3 h6 10. a3 exd4 11. exd4 d5 12. c5 Ne4 13. Qb3 Nxc3 14. Qxc3 a4 15.
Be3 Bf5 16. Nd2 h5 17. b4 Qd7 18. b5 Ne7 19. Qb4 Bd3 20. Rfe1 Bxb5 21. Bg5 Ng6
22. Bf3 c6 23. h4 f6 24. Be3 Bb8 25. Kg2 Qf7 26. Qb1 Ne7 27. Qc2 g6 28. Rab1
Nf5 29. Nf1 Re8 30. Rxb5 cxb5 31. Qa2 Rd8 32. Rb1 Qd7 33. Be2 Bc7 34. Rxb5 Rab8
35. Qb1 Qc6 36. Bd3 Kg7 37. Bxf5 gxf5 38. Qxf5 Qxb5 39. Bh6+ Kxh6 40. Qxf6+ Kh7
41. Qf7+ Kh8 42. Qf6+ 1/2-1/2

[Event "Team Russia"]
[Site "Petergof"]
[Date "2015.08.06"]
[Round "6.11"]
[White "Salemgareev, Tagir"]
[Black "Maksimov, Dmitri"]
[Result "1-0"]
[WhiteElo "2050"]
[BlackElo "2307"]
[PlyCount "47"]
[EventDate "2015.08.??"]
[EventType "team-swiss"]
[WhiteClock "0:20:30"]
[BlackClock "0:04:48"]

1. d4 d5 2. Nf3 Nf6 3. c4 c6 4. e3 Bf5 5. Nc3 e6 6. Bd3 Bxd3 7. Qxd3 Nbd7 8.
O-O Be7 9. e4 dxe4 10. Nxe4 Nxe4 11. Qxe4 O-O 12. Rd1 Qa5 13. Bd2 Qa6 14. Qe2
h6 15. b4 Nb6 16. Ne5 Qa3 17. Rdb1 Bf6 18. Rb3 Qa4 19. Bxh6 gxh6 20. Rg3+ Kh7
21. Qe4+ Kh8 22. Ng4 Bg7 23. Nxh6 Rad8 24. Qh4 1-0

[Event "Team Russia"]
[Site "Petergof"]
[Date "2015.08.06"]
[Round "6.12"]
[White "Zakariadze, Irina"]
[Black "Alekseeva, Irina"]
[Result "0-1"]
[WhiteElo "1822"]
[BlackElo "2141"]
[PlyCount "144"]
[EventDate "2015.08.??"]
[EventType "team-swiss"]
[WhiteClock "0:01:13"]
[BlackClock "0:39:18"]

1. d4 Nf6 2. Nf3 g6 3. Bf4 d5 4. e3 Nbd7 5. Nbd2 Bg7 6. Bd3 O-O 7. h3 c5 8. c3
b6 9. O-O Bb7 10. Ne5 Nh5 11. Nxd7 Nxf4 12. Bb5 Ne6 13. Nxf8 Qxf8 14. Bd3 f5
15. b4 f4 16. bxc5 bxc5 17. Rb1 Nd8 18. Nf3 Rc8 19. Qa4 c4 20. Be2 Ra8 21. exf4
Bc6 22. Qa6 Qxf4 23. Bd1 Bd7 24. Qa3 Qf7 25. Re1 Bf6 26. Ba4 Bf5 27. Rb5 Be4
28. Bd1 Ne6 29. Qc1 Rf8 30. Rb2 g5 31. Qe3 Nf4 32. Bc2 h6 33. Bxe4 dxe4 34.
Qxe4 Nd3 35. Rbe2 Nxe1 36. Rxe1 Rb8 37. Rb1 Rd8 38. Rb7 a6 39. Rb6 a5 40. Qe6
Qxe6 41. Rxe6 Rb8 42. Nd2 Rb2 43. Nxc4 Rxa2 44. Ra6 Rc2 45. Rxa5 Rxc3 46. Ne5
Rc1+ 47. Kh2 Rd1 48. Rd5 Rxd4 49. Ra5 Rf4 50. Ng4 Bg7 51. Ra2 h5 52. Ne3 Be5
53. Kg1 Rb4 54. g3 Kf7 55. Kg2 Rb7 56. Rc2 Bd4 57. Re2 e6 58. Rd2 Bxe3 59. fxe3
Kf6 60. Kf3 Ke5 61. Rd4 Rf7+ 62. Kg2 Rb7 63. Kf3 Rb2 64. g4 h4 65. Re4+ Kf6 66.
Rc4 Rh2 67. Ke4 Rxh3 68. Kd3 Rg3 69. Ke2 h3 70. Kf2 h2 71. Rc1 Rxg4 72. Rh1 Rh4
0-1